000 01116nam a2200241Ii 4500
003 JO-AjNU
005 20240629124104.0
008 230605s9999||||xx |||||||||||||| ||und||
040 _aJO-AjNU
_bara
_erda
_cJO-AjNU
041 _aara
050 1 4 _aK3400 2019
100 1 _aكاظم، احمد عبيد
_eمعد
_965815
245 0 _aالشروط الشكلية والإجرائية في القرار الإداري: دراسة مقارنة العراق-الأردن = Formal and Procedural Terms in the Administeative Decision: A comparative Study Iraq - Jordan /
_cاعداد احمد عيد كاظم؛ اشراف طلال ياسين العيسى
264 3 1 _a 2019
300 _a151 ورقة
336 _atext
_btxt
_2rdacontent
337 _aunmediated
_bn
_2rdamedia
338 _avolume
_bnc
_2rdacarrier
500 _aرسالة جامعية ( اطروحة ماجستير) جامعة عجلون الوطنية: كلية الحقوق، 2019
650 4 _aالقرار الاداري- العراق-الاردن
_958929
700 1 _aالعيسى، طلال ياسين
_964930
_eمشرف
942 _2lcc
_cTHS
999 _c30060
_d30060